书目信息 |
| 题名: |
有色金属及合金的组织和性质
|
|
| 作者: | 杜尔金 , Туркин , Румянцев , 鲁曼采夫 著 ;吴云书 译 | |
| 分册: | ||
| 出版信息: | 北京 高等教育出版社 1956 |
|
| 页数: | 447页 | |
| 开本: | 21cm | |
| 丛书名: | ||
| 单 册: | ||
| 中图分类: | TF80 | |
| 科图分类: | ||
| 主题词: | 有色金属--组织 , 有色金属合金--组织 , 冶金工业 | |
| 电子资源: | ||
| ISBN: | ||
| 000 | 01207nam0 2200337 45 980 | |
| 001 | 0631514036 | |
| 005 | 20060731084618.03 | |
| 010 | @dCNY2.12 | |
| 091 | @a15010.454 | |
| 100 | @a19970801d1956 em y0chiy0121 ea | |
| 101 | 1 | @achi@crus |
| 102 | @aCN@b110000 | |
| 105 | @akf z 000yy | |
| 106 | @ar | |
| 200 | 10 | @a有色金属及合金的组织和性质@f(苏)杜尔金,В.Д.,(苏)鲁岷切夫,М.В.著@g吴云书等译@Ayou se jin shu ji he jin de zu zhi he xing zhi |
| 210 | @a北京@c高等教育出版社@d1956 | |
| 215 | @a447页@c图,表@d21cm | |
| 300 | @a据1947年俄文版译出 | |
| 300 | @a译自:Структура и свойства цветныхметаллов и сплавов | |
| 510 | 1 | @aСтруктура и свойства цветныхметаллов и сплавов |
| 606 | @a有色金属@x组织 | |
| 606 | @a有色金属合金@x组织 | |
| 606 | 0 | @a冶金工业 |
| 690 | @aTF80@v3 | |
| 701 | 1 | @a杜尔金@bВ.Д.@f苏@4著@Adu er jin |
| 701 | A1 | @aТуркин@bВ.Д.@f苏@4著@AТуркин |
| 701 | A1 | @aРумянцев@bМ.В.@f苏@4著@AРумянцев |
| 701 | 1 | @a鲁曼采夫@bМ.В.@f苏@4著@Alu man cai fu |
| 702 | 0 | @a吴云书@4译@Awu yun shu |
| 801 | 0 | @c20060731 |
| 905 | @a10447@dTF80@e14 | |
| 有色金属及合金的组织和性质/(苏)杜尔金,В.Д.,(苏)鲁岷切夫,М.В.著/吴云书等译.-北京:高等教育出版社,1956 |
| 447页:图,表;21cm |
| 据1947年俄文版译出.-译自:Структура и свойства цветныхметаллов и сплавов |
| ISBN :CNY2.12 |
| ● |
| 相关链接 |
|
|
|
|
正题名:有色金属及合金的组织和性质
索取号:TF80/14
 
预约/预借
| 序号 | 登录号 | 条形码 | 馆藏地/架位号 | 状态 | 备注 |
| 1 | 0439068 | 204390685 | 密集书库/ [索取号:TF80/14] | 在馆 |